LEADER 01347nam a2200301 u 4500 001 000000078727 003 CaOOAMICUS 005 20070226123449.0 008 040512s2000 gw u000 u ger u 020 $a3782008413 035 $a10994726 040 $aPUL$bita 100 1 $aSchwarz, Monika.$0(OLS)http://pul/name/52436 245 10$aWege aus dem stummen Spiegel :$bversuch einer Phänomenologie der Geschlecherdifferenz /$cMonika Schwarz. 260 $aFrankfurt am Main :$bJoseph Knecht,$c2000. 300 $aix, 380 p. ;$c22 cm 490 1 $aFrankfurter theologische Studien ;$v58 500 $aContiene indici. 504 $aBibliografia: p. [357]-380. 650 4$aSesso (psicologia).$0(OLS)http://pul/subject/25744 650 4$aPsicologia individuale.$0(OLS)http://pul/subject/22156 830 0$aFrankfurter theologische Studien ;$v58.$0(OLS)http://pul/title/15458 850 $aPUL 852 $aPUL$W1$xSL Religione 1$y3$m52(1) G 58$j100910$nBK-PRI$b $qStampati$B100910$CPULBib$Z2$F100910 $HPUL92296 $81 941 1 $a8 996 $6020$a3782008413$9(OLS)http://pul/number/103242 996 $6245$aWege aus dem stummen Spiegel :$bversuch einer Phänomenologie der Geschlecherdifferenz$9(OLS)http://pul/title/103088 996 $6260$aFrankfurt am Main :$bJoseph Knecht$9(OLS)http://pul/publisher/72962 LEADER 01492nam a2200337 u 4500 001 000000030599 003 CaOOAMICUS 005 20150722092420.0 008 970917s1983 it u000 u ita u 020 $a8839401539 035 $a10769737 040 $aPUL$bita$dPUL 041 1 $aita$hger 100 1 $aWestermann, Claus,$d1909-2000.$0(OLS)http://pul/name/660 240 10$aTheologie des Alten Testaments in Grundzügen.$lItaliano.$0(OLS)http://pul/title/42026 245 10$aTeologia dell'Antico Testamento /$cdi Claus Westermann. 260 $aBrescia :$bPaideia,$cc1983. 300 $a344 p$c21 cm 490 1 $aAntico Testamento.$aSupplementi ;$v6 500 $a"Titolo originale dell'opera: Claus Westermann, Theologie des Alten Testaments in Grundzügen". 630 04$aBiblia.$pV.T.$xStudio.$0(OLS)http://pul/subject/1419 830 0$aAntico Testamento.$pSupplementi ;$v6.$0(OLS)http://pul/title/42020 850 $aPUL 852 $aPUL$W1$xSL Religione 1$y3$m1(6) H 6s$j42302$nBK-PRI$b $qStampati$B42302$CPULBib$Z2$F42302 $H $81 852 $aPUL$W1$xDP1 Fondo S. Lanza$y121$m3 L 25$j167760$qFondi$B168325$CPULBib$Z2$F168325 $HLAN1671 $82 941 1 $a8 941 1 $a1 961 $aINV: 65183 996 $6020$a8839401539$9(OLS)http://pul/number/38381 996 $6245$aTeologia dell'Antico Testamento$9(OLS)http://pul/title/42027 996 $6260$aBrescia :$bPaideia$9(OLS)http://pul/publisher/47884